| 000 | 00507nam a2200169Ia 4500 | ||
|---|---|---|---|
| 003 | GCL | ||
| 008 | 140319s9999 xx 000 0 ara d | ||
| 040 |
_aGCL / _cGCL |
||
| 082 | 0 | 4 |
_a616.5 _bش م |
| 100 | 1 | _aشايتو، ليون | |
| 245 | 1 | 0 |
_aمشاكل الجلد / _cشايتو، ليون |
| 260 |
_aالقاهرة : _bمؤسسة الابحاث اللغوية |
||
| 300 | _a109 ص | ||
| 490 |
_aسلسلة ساعد نفسك الجديدة _v0 |
||
| 650 | 0 | 4 | _aامراض جلدية |
| 942 |
_2ddc _cBK |
||
| 999 |
_c50302 _d50302 |
||